Esportazione completata correttamente — 

Reviews of National Science Policy United KingDom Germany

Gardado en:
Detalles Bibliográficos
Formato: Libro
Idioma:Undetermined
Publicado: Paris OCDE Publication 1967
Những chủ đề:
Các nhãn: Engadir etiqueta
Sen Etiquetas, Sexa o primeiro en etiquetar este rexistro!
Thư viện lưu trữ: Trung tâm Học liệu Trường Đại học Cần Thơ
LEADER 00494nam a2200169Ia 4500
001 CTU_80036
008 210402s9999 xx 000 0 und d
082 |a 338.926 
082 |b R454 
245 0 |a Reviews of National Science Policy United KingDom Germany 
260 |a Paris 
260 |b OCDE Publication 
260 |c 1967 
650 |a Citizen participation,Science 
650 |z Germany,United kingdom 
904 |i Trọng Hải 
980 |a Trung tâm Học liệu Trường Đại học Cần Thơ